Formula 1: Most Points per Country - Statistics

General Stats
  • This quiz has been taken 23 times
  • The average score is 52 of 100
Answer Stats
Nationality Points Answer Active years % Correct
Netherlands 3,273.5 Max Verstappen 2015-
100%
Germany 3,890 Michael Schumacher 1991-2006, 2010-2012
100%
Germany 1,096 Ralf Schumacher 1997-2007
100%
Brazil 1,859.5 Ayrton Senna 1984-1994
95%
Spain 1,253.5 Carlos Sainz 2015-
95%
Spain 3,219 Fernando Alonso 2001, 2003-2018, 2021-
95%
Argentina 808 Juan Manuel Fangio 1950-1951, 1953-1958
95%
Finland 2,791 Kimi Räikkönen 2001-2009, 2012-2021
95%
Austria 1,337 Niki Lauda 1971-1979, 1982-1985
95%
Mexico 1,572 Sergio Pérez 2011-2024
95%
France 2,470.5 Alain Prost 1980-1991, 1993
90%
United Kingdom 1,332 Lando Norris 2019-
90%
United Kingdom 5,239.5 Lewis Hamilton 2007-
90%
Australia 1,358 Mark Webber 2002-2013
85%
Finland 1,382 Mika Häkkinen 1991-2001
85%
Germany 3,282 Sebastian Vettel 2007-2022
85%
Australia 1,305 Daniel Ricciardo 2011-2024
80%
United Kingdom 1,726 David Coulthard 1994-2008
80%
Canada 402 Gilles Villeneuve 1977-1982
80%
Canada 853 Jacques Villeneuve 1996-2006
80%
Brazil 1,682 Nelson Piquet 1978-1991
80%
Australia 727 Oscar Piastri 2023-
80%
Brazil 1,892 Rubens Barrichello 1993-2011
80%
Finland 1,766 Valtteri Bottas 2013-2024
80%
Brazil 993 Emerson Fittipaldi 1970-1980
75%
Brazil 1,682 Felipe Massa 2002, 2004-2017
75%
Australia 936 Jack Brabham 1955-1970
75%
South Africa 894 Jody Scheckter 1972-1980
75%
Netherlands 119 Jos Verstappen 1994-1998, 2000-2001, 2003
75%
Finland 589 Keke Rosberg 1978-1986
75%
Canada 315 Lance Stroll 2017-
75%
Germany 1,737 Nico Rosberg 2006-2016
75%
United Kingdom 1,500 Nigel Mansell 1980-1992, 1994-1995
75%
Australia 707 Alan Jones 1975-1981, 1983, 1985-1986
70%
South Africa 1 Ernie Pieterse | Peter de Klerk | Ian Scheckter 1962-1963, 1965 | 1963, 1965, 1969-1970 | 1974-1977
70%
Austria 1,490.5 Gerhard Berger 1984-1997
70%
United Kingdom 1,836.5 Jenson Button 2000-2017
70%
United States 670 Mario Andretti 1968-1972, 1974-1982
70%
Mexico 6 Esteban Gutiérrez 2013-2014, 2016
65%
Belgium 671 Jacky Ickx 1967-1979
65%
New Zealand 44 Liam Lawson 2023-
65%
Canada 9 Nicholas Latifi 2020-2022
65%
Japan 107 Yuki Tsunoda 2021-2025
65%
New Zealand 755 Bruce McLaren 1959-1970
60%
Argentina 1,123.5 Carlos Reutemann 1972-1982
60%
Finland 281 Heikki Kovalainen 2007-2013
60%
France 1,033 Jean Alesi 1989-2001
60%
Spain 127 Pedro de la Rosa 1999-2002, 2005-2006, 2010-2012
60%
United States 365 Phil Hill 1958-1964, 1966
60%
Japan 137 Takuma Sato 2002-2006
60%
New Zealand 940 Denny Hulme 1965-1974
55%
Italy 804 Jarno Trulli 1997-2011
55%
Austria 358 Jochen Rindt 1964-1970
55%
Japan 132 Kamui Kobayashi 2009-2012, 2014
55%
Sweden 726 Ronnie Peterson 1970-1978
55%
Austria 226 Alexander Wurz 1997-2000, 2005, 2007
50%
Italy 940 Giancarlo Fisichella 1996-2009
50%
Switzerland 818 Clay Regazzoni 1970-1980
45%
France 919 Jacques Laffite 1974-1986
45%
Italy 763 Michele Alboreto 1981-1994
45%
Mexico 299 Pedro Rodriguez 1963-1971
45%
Italy 1,106 Riccardo Patrese 1977-1993
45%
Germany 780 Heinz-Harald Frentzen 1994-2003
40%
Argentina 245 José Froilán González 1950-1957, 1960
40%
France 691.5 René Arnoux 1978-1989
40%
Mexico 20 Ricardo Rodriguez 1961-1962
40%
Switzerland 43 Sébastien Buemi 2009-2011
40%
Belgium 650 Thierry Boutsen 1983-1993
40%
United States 490 Dan Gurney 1959-1969, 1970
35%
Italy 550 Elio de Angelis 1979-1986
35%
Sweden 384 Stefan Johansson 1980, 1983-1991
35%
Japan 154 Satoru Nakajima 1987-1991
30%
Japan 88 Aguri Suzuki 1988-1995
25%
United States 361 Eddie Cheever 1978, 1980-1989
25%
Sweden 124 Gunnar Nilsson 1976-1977
25%
Switzerland 331 Jo Siffert 1962-1971
25%
United States 422 Richie Ginther 1960-1966
25%
New Zealand 392 Chris Amon 1963-1976
20%
Sweden 311 Jo Bonnier 1956-1971
20%
Spain 41 Marc Gené 1999-2000, 2003-2004
20%
France 551 Patrick Depailler 1972, 1974-1980
20%
Switzerland 185 Marc Surer 1979-1986
15%
Argentina 43 Carlos Menditéguy 1953-1958, 1960
10%
Mexico 80 Héctor Rebaque 1977-1981
10%
Belgium 43 Paul Frere 1952-1956
10%
Sweden 62 Reine Wisell 1970-1974
10%
Belgium 45 Bertrand Gachot 1989-1992, 1994-1995
5%
Netherlands 57 Carel Godin de Beaufort 1958-1964
5%
Austria 78 Karl Wendlinger 1991-1995
5%
Belgium 91 Olivier Gendebien 1956, 1958-1961
5%
South Africa 135 Tony Maggs 1961-1965
5%
South Africa 2 Bruce Johnstone 1962
0%
Netherlands 23 Gijs van Lennep 1971, 1973-1975
0%
New Zealand 84 Howden Ganley 1971-1974
0%
Netherlands 18 Huub Rothengatter 1984-1986
0%
South Africa 8 Neville Lederle 1962, 1965
0%
Spain 49 Paco Godia 1951, 1954, 1956-1958
0%
Canada 6 Peter Broeker 1963
0%
Argentina 73 Roberto Mieres 1953-1955
0%
Switzerland 90 Toulo de Graffenried 1950-1954, 1956
0%
No matching quizzes found
Score Distribution
Percent of People with Each Score
Percentile by Number Answered
Your Score History
You have not taken this quiz